[Event "NED-ch 1978"]
[Site "Leeuwarden"]
[Date "1978.??.??"]
[Round "8"]
[White "Van der Vliet, Fred"]
[Black "Bohm, Hans"]
[Result "0-1"]
[WhiteElo "2345"]
[BlackElo "2410"]
[PlyCount "83"]
[EventDate "1978.??.??"]
[Source "ChessBase"]
[SourceDate "1997.11.17"]

1. Nf3 d5 2. g3 Bf5 3. Bg2 e6 4. b3 Be7 5. Bb2 Bf6 6. Qc1 Bxb2 7. Qxb2 Qf6 8.
d4 c5 9. c3 Nd7 10. Nbd2 Ne7 11. O-O Nc6 12. Rfe1 cxd4 13. Nxd4 Nxd4 14. cxd4
Nb6 15. e4 dxe4 16. Nxe4 Bxe4 17. Bxe4 O-O-O 18. Red1 Kb8 19. a4 Rd6 20. a5 Nd5
21. b4 Rc8 22. Rac1 Rxc1 23. Rxc1 Qd8 24. Rc4 h6 25. Bxd5 Rxd5 26. Qc3 a6 27.
Qe3 Qd6 28. Qc3 g5 29. Kg2 g4 30. Qe3 h5 31. Qh6 Ka7 32. Qg7 Rb5 33. Rc5 Rxb4
34. Qxf7 Qxd4 35. Rc1 Qe4+ 36. Kg1 Rb1 37. Rxb1 Qxb1+ 38. Kg2 Qe4+ 39. Kg1 Qe1+
40. Kg2 Qxa5 41. Qxe6 Qc5 42. f4 0-1

[Event "NED-ch 1978"]
[Site "Leeuwarden"]
[Date "1978.??.??"]
[Round "9"]
[White "Bohm, Hans"]
[Black "Langeweg, Kick"]
[Result "1/2-1/2"]
[WhiteElo "2410"]
[BlackElo "2450"]
[PlyCount "80"]
[EventDate "1978.??.??"]
[Source "ChessBase"]
[SourceDate "1997.11.17"]

1. e4 e6 2. d4 c5 3. d5 exd5 4. exd5 d6 5. Nc3 Nf6 6. Bd3 Be7 7. Nge2 O-O 8.
O-O Na6 9. Ng3 Nc7 10. Be2 a6 11. a4 b6 12. Re1 Re8 13. Bf3 Bd7 14. Bf4 Bf8 15.
Nge4 Nxe4 16. Nxe4 Bf5 17. c3 b5 18. axb5 axb5 19. Rxa8 Nxa8 20. Ng3 Bg6 21.
Rxe8 Qxe8 22. h4 h6 23. h5 Bh7 24. b4 cxb4 25. cxb4 Nb6 26. Nf1 Nc4 27. Qe2 Qa8
28. Nd2 Qa1+ 29. Kh2 Qd4 30. g3 Bd3 31. Qe1 Qc3 32. Be2 Bxe2 33. Qxe2 Qxb4 34.
Ne4 Nb6 35. Bxh6 gxh6 36. Nf6+ Kg7 37. Ne8+ Kh8 38. Qf3 Qd4 39. Qxf7 Bg7 40.
Nxd6 Qf6 1/2-1/2

[Event "NED-ch 1978"]
[Site "Leeuwarden"]
[Date "1978.??.??"]
[Round "9"]
[White "Donner, Jan Hein"]
[Black "Van der Vliet, Fred"]
[Result "1-0"]
[WhiteElo "2490"]
[BlackElo "2345"]
[PlyCount "161"]
[EventDate "1978.??.??"]
[Source "ChessBase"]
[SourceDate "1997.11.17"]

1. d4 Nf6 2. c4 e6 3. Nc3 Bb4 4. e3 O-O 5. Bd3 c5 6. Nf3 d5 7. O-O cxd4 8. exd4
dxc4 9. Bxc4 b6 10. Bg5 Bb7 11. Qe2 Bxc3 12. bxc3 Nbd7 13. Bd3 Qc7 14. Rac1 Ng4
15. Be4 Bxe4 16. Qxe4 Ngf6 17. Qe2 Rac8 18. c4 Qb7 19. Rfe1 Rc6 20. Rc2 Rfc8
21. Rec1 Qa6 22. h3 h6 23. Bf4 Rd8 24. Qe3 Rdc8 25. Qb3 Qa5 26. g4 Rd8 27. a4
Qa6 28. Qb5 Qb7 29. Nd2 Qc8 30. a5 Nf8 31. Nf3 Ng6 32. Bh2 Qb7 33. Qb3 Rdc8 34.
axb6 Rxb6 35. Qd3 a5 36. Nd2 Qa6 37. Qe3 Rb4 38. Ra2 Qb6 39. Rca1 Ra8 40. Qc3
a4 41. Ra3 Ne8 42. Bg3 Ne7 43. f3 Qb7 44. R1a2 Nc6 45. Kg2 Nf6 46. Bd6 Rb6 47.
Rxa4 Rxa4 48. Rxa4 Ra6 49. Rxa6 Qxa6 50. Bg3 Qb7 51. Kf1 Qd7 52. Nb3 Qa7 53.
Be1 Qa2 54. Bd2 Qb1+ 55. Nc1 Qb8 56. Kg2 Ne7 57. Ne2 Qc7 58. h4 h5 59. g5 Nd7
60. Ng3 g6 61. Qb3 Nc8 62. Ne4 Ncb6 63. c5 Nd5 64. Qb5 Kg7 65. Nd6 Qa7 66. Kf2
e5 67. Qc4 Qa8 68. c6 N7b6 69. Qc5 Qa2 70. Ne4 Na4 71. Qd6 Nac3 72. Qxe5+ Kh7
73. Nxc3 Nxc3 74. Qf4 Nb1 75. c7 Nxd2 76. c8=Q Ne4+ 77. Ke3 Qd2+ 78. Kxe4 f5+
79. gxf6 Qxf4+ 80. Kxf4 g5+ 81. Kf5 1-0

[Event "NED-ch 1978"]
[Site "Leeuwarden"]
[Date "1978.??.??"]
[Round "9"]
[White "Sosonko, Gennadi"]
[Black "Kuijpers, Frans"]
[Result "1-0"]
[WhiteElo "2575"]
[BlackElo "2415"]
[PlyCount "71"]
[EventDate "1978.??.??"]
[Source "ChessBase"]
[SourceDate "1997.11.17"]

1. d4 e6 2. c4 Bb4+ 3. Bd2 Qe7 4. g3 f5 5. Bg2 Nf6 6. Nf3 O-O 7. O-O Bxd2 8.
Qxd2 Ne4 9. Qe3 d6 10. Nh4 g5 11. Nxf5 exf5 12. f3 f4 13. Qxe4 Qxe4 14. fxe4
Nc6 15. Rd1 Ne7 16. Nc3 c6 17. d5 Rd8 18. dxc6 Nxc6 19. Rd5 Ne5 20. gxf4 gxf4
21. c5 Be6 22. Rxd6 Rxd6 23. cxd6 Rd8 24. Rd1 Nc4 25. e5 Nxe5 26. Bxb7 Nc4 27.
Nb5 Nxb2 28. Rd4 Nc4 29. a4 a5 30. Kf2 Kg7 31. Kf3 Rb8 32. Bd5 Bxd5+ 33. Rxd5
Nb6 34. Rd4 Kf6 35. d7 Ke7 36. Na7 1-0

[Event "NED-ch 1978"]
[Site "Leeuwarden"]
[Date "1978.??.??"]
[Round "10"]
[White "Baljon, Christofoor"]
[Black "Ree, Hans"]
[Result "0-1"]
[WhiteElo "2220"]
[BlackElo "2500"]
[PlyCount "82"]
[EventDate "1978.??.??"]
[Source "ChessBase"]
[SourceDate "1997.11.17"]

1. e4 e6 2. d4 d5 3. e5 c5 4. c3 Nc6 5. Nf3 Qb6 6. a3 c4 7. Nbd2 Na5 8. Rb1 Bd7
9. b3 cxb3 10. c4 Ne7 11. c5 Qc7 12. Bd3 Ba4 13. O-O Nec6 14. Bb2 Be7 15. Qe2
b6 16. Rbc1 O-O 17. Rfe1 Rab8 18. Bb1 bxc5 19. Qd3 g6 20. dxc5 f5 21. exf6 Bxf6
22. Bxf6 Rxf6 23. Ng5 Qf4 24. Ndf3 Ne5 25. Qa6 Nxf3+ 26. Nxf3 Nc6 27. Bd3 b2
28. Rb1 e5 29. Kh1 e4 30. Qxa4 exf3 31. Qxf4 Rxf4 32. Re3 Nd4 33. Re5 Ne2 34.
c6 Rd4 35. gxf3 Nf4 36. Bf1 Rd2 37. c7 Rc8 38. Re7 Rc2 39. Kg1 d4 40. Re4 d3
41. Rxf4 d2 0-1

[Event "NED-ch 1978"]
[Site "Leeuwarden"]
[Date "1978.??.??"]
[Round "10"]
[White "Bohm, Hans"]
[Black "Donner, Jan Hein"]
[Result "1/2-1/2"]
[WhiteElo "2410"]
[BlackElo "2490"]
[PlyCount "142"]
[EventDate "1978.??.??"]
[Source "ChessBase"]
[SourceDate "1997.11.17"]

1. d4 d5 2. Nf3 Nf6 3. Bg5 e6 4. e3 Be7 5. Nbd2 h6 6. Bh4 Nbd7 7. Bd3 b6 8. c3
O-O 9. a4 c5 10. O-O Bb7 11. Qb1 Re8 12. a5 bxa5 13. Qa2 Ne4 14. Bxe7 Rxe7 15.
Qxa5 Qb8 16. Bb5 Nb6 17. Rfc1 Rc7 18. Nxe4 dxe4 19. Nd2 cxd4 20. cxd4 Qd8 21.
Bf1 Bd5 22. Rc3 Rb7 23. Ba6 Re7 24. Rc5 Rb8 25. h3 Kh7 26. b3 Na8 27. Bc4 Nb6
28. Qa3 Rbb7 29. Ba6 Rbc7 30. Rac1 f5 31. Rxc7 Rxc7 32. Rxc7 Qxc7 33. Qc5 Qxc5
34. dxc5 Na8 35. Kf1 Nc7 36. Be2 Kg6 37. Ke1 Kf7 38. Kd1 Bb7 39. Nc4 Ba6 40.
Kd2 e5 41. Kc3 Nd5+ 42. Kb2 Ke6 43. h4 Nb4 44. Kc3 Nd5+ 45. Kd2 Nb4 46. g4 f4
47. Nd6 Bd3 48. Bxd3 exd3 49. exf4 exf4 50. Nf5 Kf6 51. h5 Nc6 52. Kxd3 Ne5+
53. Ke4 Nxg4 54. c6 Ke6 55. Nxg7+ Kd6 56. f3 Nf6+ 57. Kxf4 Kxc6 58. Kf5 Nd7 59.
Ne6 Kd6 60. f4 a5 61. Nd4 Kd5 62. Nc2 Nc5 63. b4 axb4 64. Nxb4+ Kd4 65. Kg6 Ne6
66. Kf5 Ng7+ 67. Kg6 Ne6 68. f5 Nf4+ 69. Kxh6 Ke5 70. Kg5 Nh3+ 71. Kg6 Nf4+
1/2-1/2

[Event "NED-ch 1978"]
[Site "Leeuwarden"]
[Date "1978.??.??"]
[Round "10"]
[White "Hartoch, Rob"]
[Black "Van der Sterren, Paul"]
[Result "1-0"]
[WhiteElo "2405"]
[BlackElo "2400"]
[PlyCount "154"]
[EventDate "1978.??.??"]
[Source "ChessBase"]
[SourceDate "1997.11.17"]

1. Nf3 Nf6 2. d4 g6 3. Bf4 Bg7 4. c3 O-O 5. h3 d6 6. Nbd2 Nc6 7. e3 Qe8 8. Nc4
b5 9. Na3 a6 10. Be2 e5 11. Bh2 e4 12. Nd2 Bf5 13. Nc2 Rb8 14. a4 bxa4 15. Qc1
Na5 16. O-O Qd7 17. Na3 h5 18. Bxa6 Bh6 19. Re1 g5 20. Bf1 h4 21. Nac4 Nb3 22.
Nxb3 Rxb3 23. Qc2 Rfb8 24. Reb1 g4 25. hxg4 Nxg4 26. Be2 Nxh2 27. Kxh2 Kg7 28.
Na5 R3b6 29. d5 Bg6 30. Nc6 Ra8 31. Rxa4 Rxa4 32. Qxa4 Qf5 33. Qd4+ Kh7 34. Kg1
Bg5 35. Qd1 Kg7 36. Bg4 Qf6 37. Qd4 Qxd4 38. Nxd4 Bf6 39. Bd7 Bxd4 40. cxd4 Kf6
41. b4 Ke7 42. Bc6 Ra6 43. Rb2 Ra1+ 44. Kh2 Bf5 45. Bb5 Kd8 46. Be2 Rc1 47. g3
hxg3+ 48. Kxg3 Ke7 49. Kf4 Bg6 50. Bg4 Kf6 51. b5 Rf1 52. Bh3 Rh1 53. Kg3 Rg1+
54. Bg2 Bf5 55. b6 cxb6 56. Rxb6 Ke7 57. Rb7+ Ke8 58. Rb2 Bg6 59. Rb8+ Ke7 60.
Rb7+ Ke8 61. Kh2 Ra1 62. Bh3 Ra5 63. Bd7+ Kf8 64. Bc6 Ra2 65. Kg3 Bf5 66. Rb8+
Ke7 67. Re8+ Kf6 68. f3 exf3 69. Kxf3 Kg5 70. e4 Bg4+ 71. Ke3 Ra3+ 72. Kd2 Kf4
73. e5 Ke4 74. exd6+ Kxd4 75. Re7 Ra2+ 76. Ke1 Rh2 77. d7 Rh8 1-0

[Event "NED-ch 1978"]
[Site "Leeuwarden"]
[Date "1978.??.??"]
[Round "10"]
[White "Van der Vliet, Fred"]
[Black "Sosonko, Gennadi"]
[Result "1/2-1/2"]
[WhiteElo "2345"]
[BlackElo "2575"]
[PlyCount "71"]
[EventDate "1978.??.??"]
[Source "ChessBase"]
[SourceDate "1997.11.17"]

1. d4 Nf6 2. c4 e6 3. Nf3 b6 4. g3 Ba6 5. b3 Bb4+ 6. Bd2 Be7 7. Bg2 c6 8. O-O
d5 9. cxd5 cxd5 10. Bg5 Nc6 11. Bxf6 Bxf6 12. Na3 Qd6 13. Nc2 g5 14. h3 Rg8 15.
Re1 g4 16. hxg4 Rxg4 17. e3 h5 18. Bf1 Bxf1 19. Kxf1 O-O-O 20. Rc1 Kb8 21. Ke2
e5 22. dxe5 Bxe5 23. Qd3 Qe6 24. Rh1 d4 25. Rxh5 Bf6 26. e4 Rxe4+ 27. Kf1 Re8
28. Kg2 Kb7 29. Qc4 Qxc4 30. bxc4 Re2 31. Rd5 R8e7 32. Ncxd4 Nxd4 33. Nxd4 Rxa2
34. Nb5 a6 35. Nd6+ Kc6 36. Rcd1 1/2-1/2

[Event "NED-ch 1978"]
[Site "Leeuwarden"]
[Date "1978.??.??"]
[Round "11"]
[White "Donner, Jan Hein"]
[Black "Langeweg, Kick"]
[Result "1/2-1/2"]
[WhiteElo "2490"]
[BlackElo "2450"]
[PlyCount "45"]
[EventDate "1978.??.??"]
[Source "ChessBase"]
[SourceDate "1997.11.17"]

1. d4 Nf6 2. c4 e6 3. Nc3 Bb4 4. e3 b6 5. Nge2 Ne4 6. Qc2 Bb7 7. a3 Bxc3+ 8.
Nxc3 f5 9. b3 d6 10. Bb2 O-O 11. d5 Nxc3 12. Qxc3 e5 13. f4 Nd7 14. Bd3 Qh4+
15. g3 Qe7 16. O-O c6 17. dxc6 Bxc6 18. Rae1 Rae8 19. e4 exf4 20. gxf4 fxe4 21.
Bxe4 Bxe4 22. Rxe4 Qf7 23. Re3 1/2-1/2

[Event "NED-ch 1978"]
[Site "Leeuwarden"]
[Date "1978.??.??"]
[Round "11"]
[White "Ligterink, Gert"]
[Black "Kuijpers, Frans"]
[Result "0-1"]
[WhiteElo "2440"]
[BlackElo "2415"]
[PlyCount "82"]
[EventDate "1978.??.??"]
[Source "ChessBase"]
[SourceDate "1997.11.17"]

1. e4 e5 2. Nf3 Nc6 3. Bb5 a6 4. Ba4 d6 5. O-O Bd7 6. c3 Nf6 7. Re1 g6 8. d4
Qe7 9. b4 Bg7 10. Nbd2 O-O 11. a3 Nh5 12. Nf1 exd4 13. Bxc6 bxc6 14. cxd4 Bg4
15. Bb2 c5 16. Ne3 Qxe4 17. Nxg4 Qxg4 18. h3 Qd7 19. bxc5 dxc5 20. Ne5 Bxe5 21.
Rxe5 cxd4 22. Qxd4 Qxd4 23. Bxd4 Nf4 24. Be3 Ne6 25. Rc1 Rfd8 26. Rc6 Kg7 27.
Ra5 Rd1+ 28. Kh2 Rd6 29. Rxd6 cxd6 30. Rd5 Rd8 31. Bd2 Kf6 32. Ra5 Ra8 33. Bb4
Ke7 34. Kg3 Nc7 35. Re5+ Kd7 36. Re2 a5 37. Bd2 Ne6 38. Be3 Rb8 39. Rd2 Rb3 40.
a4 f5 41. Kh2 f4 0-1

[Event "NED-ch 1978"]
[Site "Leeuwarden"]
[Date "1978.??.??"]
[Round "11"]
[White "Sosonko, Gennadi"]
[Black "Bohm, Hans"]
[Result "1-0"]
[WhiteElo "2575"]
[BlackElo "2410"]
[PlyCount "63"]
[EventDate "1978.??.??"]
[Source "ChessBase"]
[SourceDate "1997.11.17"]

1. d4 e6 2. Nf3 b6 3. e4 Ba6 4. Bxa6 Nxa6 5. O-O g6 6. Qe2 Nb8 7. d5 Bg7 8. Bg5
Ne7 9. Nc3 h6 10. Bh4 g5 11. Bg3 O-O 12. Rad1 Ng6 13. e5 Ne7 14. h4 g4 15. Nd4
exd5 16. Qxg4 Nbc6 17. Nxd5 Nxd4 18. Nf6+ Kh8 19. Rxd4 d6 20. Nh5 Rg8 21. exd6
Nf5 22. Nxg7 Nxd4 23. Qxd4 c5 24. Qc3 Rxg7 25. Be5 Qf8 26. Rd1 Kg8 27. Bxg7
Qxg7 28. d7 Rd8 29. Qxg7+ Kxg7 30. Kh2 Kf6 31. Kg3 Kf5 32. Rd5+ 1-0

[Event "NED-ch 1978"]
[Site "Leeuwarden"]
[Date "1978.??.??"]
[Round "12"]
[White "Donner, Jan Hein"]
[Black "Sosonko, Gennadi"]
[Result "1/2-1/2"]
[WhiteElo "2490"]
[BlackElo "2575"]
[PlyCount "57"]
[EventDate "1978.??.??"]
[Source "ChessBase"]
[SourceDate "1997.11.17"]

1. d4 Nf6 2. c4 e6 3. Nc3 Bb4 4. e3 c5 5. Bd3 d5 6. Nf3 O-O 7. O-O Nc6 8. a3
Bxc3 9. bxc3 dxc4 10. Bxc4 Qc7 11. Bd3 e5 12. Qc2 Re8 13. dxe5 Nxe5 14. Nxe5
Qxe5 15. f3 Bd7 16. a4 Rad8 17. Re1 Bc6 18. e4 Nd5 19. Bd2 Nf4 20. Bf1 c4 21.
Be3 Nd3 22. Bxd3 cxd3 23. Qd2 Qa5 24. Ra2 f5 25. exf5 Qxf5 26. Bxa7 Rxe1+ 27.
Qxe1 Qd5 28. Rd2 Bxa4 29. Bd4 1/2-1/2

[Event "NED-ch 1978"]
[Site "Leeuwarden"]
[Date "1978.??.??"]
[Round "12"]
[White "Kuijpers, Frans"]
[Black "Van der Sterren, Paul"]
[Result "1/2-1/2"]
[WhiteElo "2415"]
[BlackElo "2400"]
[PlyCount "46"]
[EventDate "1978.??.??"]
[Source "ChessBase"]
[SourceDate "1997.11.17"]

1. e4 e6 2. d4 d5 3. Nc3 Bb4 4. exd5 exd5 5. Bd3 Ne7 6. Nf3 Bf5 7. O-O O-O 8.
Bxf5 Nxf5 9. Qd3 Ne7 10. a3 Bxc3 11. Qxc3 Ng6 12. Qb3 b6 13. Re1 Nc6 14. Qd3
Qd7 15. Bd2 Rfe8 16. Rxe8+ Rxe8 17. Re1 Rxe1+ 18. Bxe1 Qe6 19. Kf1 h6 20. Qe3
Qd7 21. g3 Nce7 22. Kg2 Qf5 23. Bb4 Qf6 1/2-1/2

[Event "NED-ch 1978"]
[Site "Leeuwarden"]
[Date "1978.??.??"]
[Round "12"]
[White "Langeweg, Kick"]
[Black "Baljon, Christofoor"]
[Result "0-1"]
[WhiteElo "2450"]
[BlackElo "2220"]
[PlyCount "52"]
[EventDate "1978.??.??"]
[Source "ChessBase"]
[SourceDate "1997.11.17"]

1. d4 Nf6 2. c4 g6 3. Nc3 Bg7 4. e4 d6 5. Be2 O-O 6. Nf3 e5 7. Be3 Nbd7 8. O-O
Qe7 9. Qc2 exd4 10. Bxd4 Ne5 11. h3 c6 12. Rfe1 Nh5 13. Be3 f5 14. Nxe5 Bxe5
15. Bxh5 f4 16. Bf3 fxe3 17. Rxe3 Qg5 18. Kf1 Be6 19. Ne2 Rf7 20. Rd1 Raf8 21.
Rdd3 Qh4 22. Ke1 c5 23. b3 g5 24. Qd1 Rf6 25. Rxd6 Bxd6 26. e5 Rxf3 0-1

[Event "NED-ch 1978"]
[Site "Leeuwarden"]
[Date "1978.??.??"]
[Round "12"]
[White "Van der Vliet, Fred"]
[Black "Ligterink, Gert"]
[Result "1-0"]
[WhiteElo "2345"]
[BlackElo "2440"]
[PlyCount "143"]
[EventDate "1978.??.??"]
[Source "ChessBase"]
[SourceDate "1997.11.17"]

1. Nf3 Nf6 2. g3 g6 3. Bg2 Bg7 4. O-O O-O 5. d4 d6 6. c4 Nc6 7. Nc3 a6 8. d5
Na5 9. Nd2 c5 10. Qc2 Rb8 11. b3 b5 12. Bb2 Bh6 13. f4 bxc4 14. bxc4 e5 15.
dxe6 Bxe6 16. Nd5 Bxd5 17. cxd5 Rxb2 18. Qxb2 Bg7 19. Qa3 Ng4 20. Rab1 Re8 21.
Bf3 Bd4+ 22. Kh1 Ne3 23. Rfc1 h5 24. h4 Qd7 25. Kh2 Ng4+ 26. Kg2 Nf2 27. Rh1
Nxh1 28. Rxh1 Qb5 29. e4 Bb2 30. Qe3 c4 31. e5 f5 32. e6 c3 33. Ne4 fxe4 34.
Qxe4 Re7 35. Qxg6+ Rg7 36. Qf6 Qe8 37. Re1 Qe7 38. Qd4 Qb7 39. Qe4 Qe7 40. Qd4
Qb7 41. Qe4 Qc7 42. e7 Qxe7 43. Qxe7 Rxe7 44. Rxe7 c2 45. Rc7 c1=Q 46. Rxc1
Bxc1 47. Bxh5 Nb7 48. Be2 Nc5 49. Kf3 a5 50. g4 Nd7 51. g5 Nf6 52. gxf6 Kf7 53.
a4 Kxf6 54. Bd3 Kg7 55. h5 Kh6 56. Bg6 Kg7 57. Ke4 Bd2 58. f5 Kf6 59. Kd3 Bg5
60. Kc4 Ke5 61. Kb5 Bd2 62. Kc6 Bf4 63. Kd7 Bg5 64. Bf7 Bf4 65. Be6 Kf6 66. h6
Bxh6 67. Kxd6 Bf8+ 68. Kc6 Ke5 69. Bc8 Be7 70. f6 Bxf6 71. d6 Bd8 72. Bh3 1-0

[Event "NED-ch 1978"]
[Site "Leeuwarden"]
[Date "1978.??.??"]
[Round "13"]
[White "Baljon, Christofoor"]
[Black "Hartoch, Rob"]
[Result "1/2-1/2"]
[WhiteElo "2220"]
[BlackElo "2405"]
[PlyCount "90"]
[EventDate "1978.??.??"]
[Source "ChessBase"]
[SourceDate "1997.11.17"]

1. e4 e6 2. d4 d5 3. e5 c5 4. c3 Nc6 5. Nf3 Qb6 6. a3 c4 7. Nbd2 Na5 8. Rb1 Bd7
9. b3 cxb3 10. c4 Ne7 11. c5 Qc7 12. Bd3 Ba4 13. Bb2 Nec6 14. Qe2 Be7 15. O-O
Rb8 16. Rfe1 b5 17. Ra1 Nc4 18. Nb1 O-O 19. Nc3 Qa5 20. Nxa4 Qxa4 21. Bc3 Rbe8
22. h4 f5 23. exf6 Bxf6 24. Ng5 Bxg5 25. hxg5 g6 26. g3 b2 27. Rad1 Qxa3 28.
Qc2 Kg7 29. Bxc4 bxc4 30. Re3 Qb3 31. Qxb3 cxb3 32. Bxb2 Kf7 33. Rxb3 Rb8 34.
Rdd3 Ke7 35. Kf1 Kd7 36. Ke2 Kc7 37. Rxb8 Rxb8 38. Bc3 Kd7 39. Rd1 Rb3 40. Kd2
Ke8 41. Re1 Kf7 42. Rh1 Kg8 43. Re1 Kf7 44. Rh1 Kg8 45. Re1 Kf7 1/2-1/2

[Event "NED-ch 1978"]
[Site "Leeuwarden"]
[Date "1978.??.??"]
[Round "13"]
[White "Ligterink, Gert"]
[Black "Bohm, Hans"]
[Result "1/2-1/2"]
[WhiteElo "2440"]
[BlackElo "2410"]
[PlyCount "48"]
[EventDate "1978.??.??"]
[Source "ChessBase"]
[SourceDate "1997.11.17"]

1. e4 c6 2. d4 d5 3. Nc3 dxe4 4. Nxe4 Bf5 5. Ng3 Bg6 6. Nf3 e6 7. Bd3 Bxd3 8.
Qxd3 Qc7 9. O-O Nd7 10. c4 Ngf6 11. Ne4 Be7 12. Bg5 h6 13. Bh4 Nxe4 14. Bxe7
Kxe7 15. Qxe4 Nf6 16. Qe3 Rhd8 17. Ne5 Qd6 18. Rad1 c5 19. d5 Kf8 20. dxe6 Qxd1
21. e7+ Kg8 22. exd8=Q+ Rxd8 23. Qxc5 Qe2 24. Qc7 Rd1 1/2-1/2

[Event "NED-ch 1978"]
[Site "Leeuwarden"]
[Date "1978.??.??"]
[Round "13"]
[White "Sosonko, Gennadi"]
[Black "Langeweg, Kick"]
[Result "1/2-1/2"]
[WhiteElo "2575"]
[BlackElo "2450"]
[PlyCount "53"]
[EventDate "1978.??.??"]
[Source "ChessBase"]
[SourceDate "1997.11.17"]

1. d4 Nf6 2. c4 e6 3. g3 Bb4+ 4. Bd2 Qe7 5. Nf3 Nc6 6. Nc3 O-O 7. Bg2 d6 8. d5
Nb8 9. dxe6 fxe6 10. O-O Nc6 11. Ne1 Kh8 12. Nc2 Bxc3 13. Bxc3 Bd7 14. b4 Rae8
15. b5 Nd8 16. Qd2 Qf7 17. Ne3 Qh5 18. Bf3 Qf7 19. Bxf6 gxf6 20. Qa5 Bc8 21.
Qxa7 f5 22. Qb8 Qd7 23. b6 cxb6 24. Rfd1 Nf7 25. Bh5 Rd8 26. Rab1 Ne5 27. Rxb6
1/2-1/2

[Event "NED-ch 1978"]
[Site "Leeuwarden"]
[Date "1978.??.??"]
[Round "13"]
[White "Van der Sterren, Paul"]
[Black "Van der Vliet, Fred"]
[Result "1/2-1/2"]
[WhiteElo "2400"]
[BlackElo "2345"]
[PlyCount "128"]
[EventDate "1978.??.??"]
[Source "ChessBase"]
[SourceDate "1997.11.17"]

1. e4 c5 2. Nf3 d6 3. d4 cxd4 4. Nxd4 Nf6 5. Nc3 a6 6. Be2 e6 7. f4 Be7 8. O-O
O-O 9. Qe1 Qc7 10. Kh1 b5 11. Bf3 Bb7 12. e5 Ne8 13. Qg3 Nd7 14. f5 dxe5 15.
fxe6 fxe6 16. Nxe6 Qc4 17. Bg5 Rxf3 18. Rxf3 Qxe6 19. Bxe7 Qxe7 20. Rf2 Nef6
21. Re1 b4 22. Nd1 Ne4 23. Qb3+ Kh8 24. Rf7 Qe8 25. Rf5 a5 26. Ne3 Nef6 27. Qc4
Qc8 28. Qf7 Qe8 29. Qc4 Rc8 30. Qb5 Be4 31. Rf2 Rc5 32. Qa6 Qc8 33. Qe2 h6 34.
Qd1 Bc6 35. Ref1 Bb5 36. Re1 Qg8 37. Nf5 e4 38. Qd6 Qb8 39. Nxh6 Qxd6 40. Nf7+
Kg8 41. Nxd6 Bc6 42. h3 Nb6 43. Kh2 Na4 44. b3 Nc3 45. Rf5 Rxf5 46. Nxf5 Kf7
47. g4 Bd7 48. Ne3 Ke6 49. Kg3 Ke5 50. h4 Ncd5 51. Nxd5 Nxd5 52. a3 Nf6 53.
axb4 axb4 54. g5 Nh5+ 55. Kf2 Kf4 56. Re3 g6 57. c3 Ng7 58. cxb4 Nf5 59. Rc3
e3+ 60. Ke1 Kf3 61. h5 gxh5 62. g6 Be8 63. b5 Bxb5 64. Rc7 Ke4 1/2-1/2